000 00642cam a22002293a 4500
001 16899
003 PGUSA
005 20140828083347.0
008 051018s2005||||xxu|||||s|||||000 | eng d
040 _aPGUSA
_beng
042 _adc
050 4 _aPL
100 1 _aRivera, Jose Maria,
_d1882-
245 1 0 _aSa Tabi ng Bangin :
_bKasaysayan Tagalog
_h[electronic resource] /
_cJose Maria Rivera
260 _bProject Gutenberg,
_c2005
506 _aPublic domain in the USA.
516 _aElectronic text
653 _aTagalog drama
830 0 _aProject Gutenberg
_v16899
856 4 0 _uhttp://www.gutenberg.org/ebooks/16899
942 _cEB
999 _c246154
_d246154